000
00222 a2200097 4500
001
48622
100
_a
Boyd, A
245
_a
The soviet air force since 1918
260
_a
London
_b
Macdonald Jan's
_c
090
_c
31549
_d
31549
942
_a
NUST-CAE
_c
M
_c
23946
999
_c
283695
_d
283695